Survivor Turkey All Champions List - Statistics

General Stats
  • This quiz has been taken 952 times
  • The average score is 12 of 17
Answer Stats
Hint Answer % Correct
2015 Turabi Çamkıran
99%
2014 Turabi Çamkıran
99%
2022 Nisa Bölükbaşı
87%
2018 Adem Kılıççı
86%
2020 Cemal Can Canseven
83%
2013 Hilmi Cem İntepe
82%
2017 Ogeday Girişken
81%
2016 Çağan Atakan Arslan
80%
2010 Merve Oflaz
73%
2021 İsmail Balaban
71%
2023 Nefise Karatay
71%
2012 Nihat Altınkaya
62%
2019 Yusuf Karakaya
60%
2011 Derya Büyükuncu
48%
2006 Derya Durmuşlar
48%
2007 Taner Özdeş
41%
2005 Uğur Pektaş
36%
No matching quizzes found
Score Distribution
Percent of People with Each Score
Percentile by Number Answered
Your Score History
You have not taken this quiz